[Event "Biel MTO op"]
[Site "Biel"]
[Date "2005.07.24"]
[Round "6"]
[White "Cebalo, Miso"]
[Black "Costa, Jean Luc"]
[Result "1-0"]
[WhiteElo "2511"]
[BlackElo "2381"]
[PlyCount "78"]
[EventDate "2005.07.18"]
[EventType "swiss"]
[EventRounds "11"]
[EventCountry "SUI"]
[SourceTitle "CBM 107 Extra"]
[Source "ChessBase"]
[SourceDate "2005.09.01"]
[SourceVersion "1"]
[SourceVersionDate "2005.09.01"]
[SourceQuality "1"]

1. d4 d5 2. c4 dxc4 3. Nf3 Nf6 4. e3 e6 5. Bxc4 c5 6. 0-0 a6 7. Bb3 Nc6 8. Nc3 cxd4 9. exd4 Na5 10. Bc2 b5 11. Bg5 Be7 12. Qd3 Bb7 13. Rfe1 Rc8 14. Ne5 Nc4 15. Nxc4 Rxc4 16. Rad1 Rc7 17. Qg3 b4 18. Ba4+ Kf8 19. Bxf6 Bxf6 20. Ne4 Bxe4 21. Rxe4 Be7 22. Qf3 Qd6 23. b3 Bf6 24. Ree1 h6 25. h4 h5 26. g3 Rh6 27. d5 e5 28. Qe2 g6 29. Qd2 Kg7 30. Qxb4 Be7 31. Qd2 Bf6 32. Rc1 Rxc1 33. Rxc1 Rh8 34. Rc4 Rd8 35. Rc6 Qe7 36. Rxa6 e4 37. Qf4 Bb2 38. Rc6 Ba3 39. Rc7 Rd7 1-0

[Event "Oberliga Baden 0405"]
[Site "Germany"]
[Date "2004.11.14"]
[Round "2.3"]
[White "Costa, Jean Luc"]
[Black "Geyer, Bernhard"]
[Result "1-0"]
[WhiteElo "2394"]
[BlackElo "2111"]
[PlyCount "49"]
[EventDate "2004.10.24"]
[EventType "team-tourn"]
[EventRounds "9"]
[EventCountry "GER"]
[SourceTitle "EXT 2007"]
[Source "ChessBase"]
[SourceDate "2006.11.23"]
[SourceVersion "1"]
[SourceVersionDate "2006.11.23"]
[SourceQuality "1"]
[WhiteTeam "Freiburg"]
[BlackTeam "Ladenburg"]
[WhiteTeamCountry "GER"]
[BlackTeamCountry "GER"]

1. d4 Nf6 2. c4 e6 3. Nc3 d5 4. Bg5 Be7 5. e3 Nbd7 6. Qc2 a6 7. cxd5 exd5 8. Nf3 c6 9. Bd3 h6 10. Bh4 g5 11. Bg3 Nh5 12. Be5 Nxe5 13. Nxe5 Be6 14. 0-0 Bd6 15. Rae1 Ng7 16. f4 f5 17. Kh1 0-0 18. g4 Bxe5 19. fxe5 fxg4 20. Rxf8+ Qxf8 21. Rf1 Qe7 22. Rf6 Rf8 23. Bh7+ Kh8 24. Rxh6 Rf7 25. Bg8+ 1-0

[Event "SUI-chT"]
[Site "Switzerland"]
[Date "2004.09.05"]
[Round "7.6"]
[White "Costa, Jean Luc"]
[Black "Schaufelberger, Heinz"]
[Result "1/2-1/2"]
[WhiteElo "2359"]
[BlackElo "2300"]
[PlyCount "44"]
[EventDate "2004.02.29"]
[EventType "team-tourn"]
[EventRounds "9"]
[EventCountry "SUI"]
[SourceTitle "EXT 2005"]
[Source "ChessBase"]
[SourceDate "2004.11.15"]
[SourceVersion "1"]
[SourceVersionDate "2004.11.15"]
[SourceQuality "1"]
[WhiteTeam "Sorab"]
[BlackTeam "Riehen"]
[WhiteTeamCountry "SUI"]
[BlackTeamCountry "SUI"]

1. d4 Nf6 2. c4 g6 3. Nc3 Bg7 4. e4 d6 5. Nf3 0-0 6. h3 Nbd7 7. Bg5 e5 8. d5 a5 9. Bd3 h6 10. Be3 Nc5 11. Bc2 Nh5 12. g3 Bd7 13. Qd2 Kh7 14. g4 Nf4 15. Bxf4 exf4 16. Qxf4 a4 17. a3 Rb8 18. 0-0 b5 19. cxb5 Bxb5 20. Rfd1 Bd7 21. Rab1 Qe7 22. Kg2 Rb6 1/2-1/2

[Event "SUI-chT"]
[Site "Switzerland"]
[Date "2004.09.04"]
[Round "6.6"]
[White "Dubeck, Michael"]
[Black "Costa, Jean Luc"]
[Result "0-1"]
[WhiteElo "2213"]
[BlackElo "2352"]
[PlyCount "69"]
[EventDate "2004.02.29"]
[EventType "team-tourn"]
[EventRounds "9"]
[EventCountry "SUI"]
[SourceTitle "EXT 2005"]
[Source "ChessBase"]
[SourceDate "2004.11.15"]
[SourceVersion "1"]
[SourceVersionDate "2004.11.15"]
[SourceQuality "1"]
[WhiteTeam "Roessli"]
[BlackTeam "Sorab"]
[WhiteTeamCountry "SUI"]
[BlackTeamCountry "SUI"]

1. d4 d6 2. c4 e5 3. Nf3 e4 4. Nfd2 f5 5. e3 Nf6 6. Nc3 c6 7. Qc2 d5 8. a3 Be6 9. b4 Nbd7 10. Be2 Bd6 11. Nb3 dxc4 12. Na5 b5 13. Nxc6 Qb6 14. Na5 Nd5 15. Bd2 N7f6 16. f3 0-0 17. fxe4 Nxc3 18. Bxc3 Nxe4 19. Bf3 Bd5 20. 0-0-0 Rae8 21. Kb1 Qc7 22. h4 g6 23. Ka1 Qe7 24. Rhf1 h5 25. Be1 Kh7 26. Rh1 Rf6 27. Qb2 Re6 28. Rc1 Qd7 29. Rf1 Bf8 30. Rc2 Bh6 31. Re2 Nf6 32. Bd2 Bxe3 33. Rfe1 Bxd2 34. Qxd2 Rxe2 35. Rxe2 0-1

[Event "SUI-chT"]
[Site "Switzerland"]
[Date "2004.05.01"]
[Round "3.6"]
[White "Costa, Jean Luc"]
[Black "Vezzosi, Paolo"]
[Result "1-0"]
[WhiteElo "2359"]
[BlackElo "2306"]
[PlyCount "107"]
[EventDate "2004.02.29"]
[EventType "team-tourn"]
[EventRounds "9"]
[EventCountry "SUI"]
[SourceTitle "EXT 2005"]
[Source "ChessBase"]
[SourceDate "2004.11.15"]
[SourceVersion "1"]
[SourceVersionDate "2004.11.15"]
[SourceQuality "1"]
[WhiteTeam "Sorab"]
[BlackTeam "Mendrisio"]
[WhiteTeamCountry "SUI"]
[BlackTeamCountry "SUI"]

1. d4 Nf6 2. c4 e6 3. Nc3 d5 4. Bg5 c6 5. e3 Nbd7 6. cxd5 exd5 7. Bd3 Be7 8. f3 Nh5 9. Bxe7 Qxe7 10. Qd2 Nf4 11. Bc2 Nb6 12. b3 g5 13. a4 a5 14. 0-0-0 Ng6 15. f4 g4 16. f5 Qa3+ 17. Kb1 Ne7 18. Rf1 Bxf5 19. Bxf5 Qxb3+ 20. Qb2 Qxb2+ 21. Kxb2 Nc4+ 22. Kc1 Nxe3 23. Bd3 Nxf1 24. Bxf1 Nf5 25. Nge2 Kd7 26. Kd2 Rae8 27. Nd1 Re7 28. Nf2 h5 29. Nd3 Kd6 30. Ne1 Rhe8 31. Nc2 h4 32. Nc3 g3 33. Bd3 Ne3 34. Nxe3 Rxe3 35. Ne2 b6 36. hxg3 hxg3 37. Rh5 R3e6 38. Nxg3 Rg8 39. Nf5+ Kc7 40. g3 Ree8 41. Ne3 Re6 42. Nf5 Rd8 43. Rh7 Rf8 44. Ne3 Rd6 45. g4 b5 46. axb5 a4 47. Kc3 Re6 48. Nc2 Kb6 49. bxc6 Ka5 50. Nb4 a3 51. Rh5 f5 52. Rxf5 Rxf5 53. gxf5 a2 54. Kb2 1-0

[Event "Oberliga Baden 0304 "]
[Site "Germany"]
[Date "2004.04.25"]
[Round "9.3"]
[White "Fuchs, Heinz"]
[Black "Costa, Jean Luc"]
[Result "1/2-1/2"]
[WhiteElo "2311"]
[BlackElo "2382"]
[PlyCount "25"]
[EventDate "2003.10.12"]
[EventType "team-tourn"]
[EventRounds "9"]
[EventCountry "GER"]
[SourceTitle "EXT 2006"]
[Source "ChessBase"]
[SourceDate "2005.11.24"]
[SourceVersion "1"]
[SourceVersionDate "2005.11.24"]
[SourceQuality "1"]
[WhiteTeam "Untergrombach"]
[BlackTeam "Freiburg"]
[WhiteTeamCountry "GER"]
[BlackTeamCountry "GER"]

1. c4 e6 2. Nc3 d5 3. d4 c5 4. cxd5 exd5 5. Nf3 Nc6 6. g3 Nf6 7. Bg2 Ne4 8. 0-0 Bf5 9. dxc5 Nxc3 10. bxc3 Bxc5 11. Nd4 Bxd4 12. cxd4 0-0 13. Bd2 1/2-1/2

[Event "SUI-chT"]
[Site "Switzerland"]
[Date "2004.03.21"]
[Round "2.7"]
[White "Nilsson, Sebastian"]
[Black "Costa, Jean Luc"]
[Result "0-1"]
[WhiteElo "2207"]
[BlackElo "2359"]
[PlyCount "129"]
[EventDate "2004.02.29"]
[EventType "team-tourn"]
[EventRounds "9"]
[EventCountry "SUI"]
[SourceTitle "CBM 099 Extra"]
[Source "ChessBase"]
[SourceDate "2004.05.04"]
[SourceVersion "1"]
[SourceVersionDate "2004.05.04"]
[SourceQuality "1"]
[WhiteTeam "Wollishofen"]
[BlackTeam "Sorab"]
[WhiteTeamCountry "SUI"]
[BlackTeamCountry "SUI"]

1. e4 e5 2. f4 exf4 3. Nf3 Nf6 4. e5 Nh5 5. Be2 d5 6. d4 g6 7. 0-0 Be7 8. Ne1 Ng7 9. Bxf4 c5 10. c4 cxd4 11. Qxd4 Nc6 12. Qxd5 Qb6+ 13. Kh1 0-0 14. Qb5 Nd4 15. Qxb6 axb6 16. Nc3 Nxe2 17. Nxe2 Be6 18. b3 b5 19. Nd4 bxc4 20. Nef3 Rfd8 21. Rfc1 cxb3 22. axb3 Rxa1 23. Rxa1 Bd5 24. Kg1 Ne6 25. Nxe6 Bxe6 26. Nd2 Kg7 27. Kf1 g5 28. Be3 Kg6 29. h3 Rd5 30. Kf2 Rxe5 31. Rc1 Rb5 32. Rb1 h6 33. Ke2 Rb4 34. Bf2 Bd5 35. Kf1 Rb5 36. Bd4 Bd6 37. Bc3 Bf4 38. b4 Bc6 39. Nb3 Rd5 40. Nd4 Bd7 41. Kf2 Be5 42. Rd1 Ba4 43. Rd2 Rd7 44. Ne2 Bxc3 45. Rxd7 Be1+ 46. Kxe1 Bxd7 47. Kf2 Kf5 48. Ke3 Ke5 49. Nc3 Bc6 50. g3 f5 51. Ne2 Bb5 52. Nc3 f4+ 53. gxf4+ gxf4+ 54. Kf3 Bc6+ 55. Kg4 f3 56. Nd1 Ke4 57. h4 Kd3 58. Nf2+ Ke2 59. Kg3 b5 60. Ng4 h5 61. Nf2 Kd2 62. Nh3 Kc3 63. Nf4 Kxb4 64. Nxh5 Kc3 65. Nf4 0-1

[Event "SUI-chT"]
[Site "Switzerland"]
[Date "2004.02.29"]
[Round "1.7"]
[White "Costa, Jean Luc"]
[Black "Niederost, Bruno"]
[Result "0-1"]
[WhiteElo "2359"]
[BlackElo "2276"]
[PlyCount "67"]
[EventDate "2004.02.29"]
[EventType "team-tourn"]
[EventRounds "9"]
[EventCountry "SUI"]
[SourceTitle "CBM 099 Extra"]
[Source "ChessBase"]
[SourceDate "2004.05.04"]
[SourceVersion "1"]
[SourceVersionDate "2004.05.04"]
[SourceQuality "1"]
[WhiteTeam "Sorab"]
[BlackTeam "Bern"]
[WhiteTeamCountry "SUI"]
[BlackTeamCountry "SUI"]

1. d4 d5 2. c4 c6 3. Nf3 Nf6 4. e3 Bf5 5. Nc3 e6 6. Nh4 Bg4 7. Qb3 b6 8. h3 Bh5 9. g4 Ne4 10. Ng2 Bg6 11. Nf4 Qh4 12. Qc2 Nxc3 13. Nxg6 hxg6 14. bxc3 Nd7 15. Qa4 Rc8 16. Qxa7 Bd6 17. cxd5 Rc7 18. Qa4 exd5 19. Ba3 Bxa3 20. Qa8+ Nb8 21. Qxa3 Re7 22. c4 dxc4 23. Bxc4 0-0 24. Qd3 Nd7 25. Kf1 Kh8 26. Kg2 f5 27. Rae1 Nf6 28. f3 Rfe8 29. Re2 f4 30. e4 b5 31. Bb3 Qg3+ 32. Kf1 Rxe4 33. Rhh2 Re3 34. Qxg6 0-1

[Event "SUI-chT"]
[Site "Switzerland"]
[Date "2003.09.07"]
[Round "7.5"]
[White "Costa, Jean Luc"]
[Black "Almada, Enrique"]
[Result "1-0"]
[WhiteElo "2379"]
[BlackElo "2371"]
[PlyCount "67"]
[EventDate "2003.03.23"]
[EventType "team-tourn"]
[EventRounds "9"]
[EventCountry "SUI"]
[SourceTitle "EXT 2004"]
[Source "ChessBase"]
[SourceDate "2003.11.25"]
[SourceVersion "1"]
[SourceVersionDate "2003.11.25"]
[SourceQuality "1"]
[WhiteTeam "Sorab"]
[BlackTeam "Luzern"]
[WhiteTeamCountry "SUI"]
[BlackTeamCountry "SUI"]

1. d4 d5 2. c4 c6 3. e3 e6 4. Nc3 f5 5. Bd3 Nf6 6. Nge2 Bd6 7. Qc2 0-0 8. f3 Kh8 9. Bd2 b6 10. 0-0 Ba6 11. cxd5 cxd5 12. Bxa6 Nxa6 13. Nb5 Nc7 14. Nxd6 Qxd6 15. Rfc1 Rfc8 16. Qc6 Nfe8 17. Nf4 Rd8 18. Qxd6 Rxd6 19. Bb4 Rd7 20. Rc6 a5 21. Be1 Rd6 22. Rac1 Rad8 23. Rxc7 Nxc7 24. Rxc7 g5 25. Nd3 R6d7 26. Rc6 Rd6 27. Rc2 R6d7 28. Bg3 Rb7 29. Rc6 Re8 30. Kf1 Kg7 31. Ke2 h5 32. h4 gxh4 33. Bxh4 Rf7 34. Nf4 1-0

[Event "SUI-chT"]
[Site "Switzerland"]
[Date "2003.04.13"]
[Round "3.8"]
[White "Herrera, Gustavo"]
[Black "Costa, Jean Luc"]
[Result "1/2-1/2"]
[WhiteElo "2125"]
[BlackElo "2394"]
[PlyCount "148"]
[EventDate "2003.03.23"]
[EventType "team-tourn"]
[EventRounds "9"]
[EventCountry "SUI"]
[SourceTitle "EXT 2004"]
[Source "ChessBase"]
[SourceDate "2003.11.25"]
[SourceVersion "1"]
[SourceVersionDate "2003.11.25"]
[SourceQuality "1"]
[WhiteTeam "Lugano"]
[BlackTeam "Sorab"]
[WhiteTeamCountry "SUI"]
[BlackTeamCountry "SUI"]

1. b3 Nf6 2. Bb2 d5 3. e3 Nbd7 4. c4 e6 5. Nf3 c6 6. Be2 Bd6 7. 0-0 0-0 8. Nc3 Qe7 9. Qc2 b6 10. e4 Bb7 11. d4 Nxe4 12. Nxe4 dxe4 13. Qxe4 Rae8 14. Ne5 f5 15. Qd3 Rd8 16. Nxd7 Qxd7 17. Bf3 c5 18. Bxb7 Qxb7 19. Qe2 cxd4 20. Qxe6+ Kh8 21. Bxd4 Bxh2+ 22. Kxh2 Rxd4 23. Rad1 Rh4+ 24. Kg1 Rh6 25. Qe5 Qf7 26. Rd3 Re8 27. Qd5 Qc7 28. g3 f4 29. Qd7 Qb8 30. Rfd1 fxg3 31. Rxg3 Rg8 32. Re1 Qa8 33. Rg2 a5 34. Qg4 Qd8 35. Rd1 Qe7 36. Qg5 Qf7 37. Qd2 Qh5 38. Kf1 Qh1+ 39. Rg1 Qh3+ 40. Rg2 Qh1+ 41. Rg1 Qf3 42. Qd5 Qh3+ 43. Qg2 Qc8 44. Qg4 Qf8 45. Qd4 Rf6 46. Rg2 h6 47. Qb2 Qe7 48. Re1 Qd7 49. Rh2 Rgf8 50. Qe2 Qd4 51. Rg2 Rf3 52. Kg1 R3f4 53. Qe5 R8f6 54. Qxd4 Rxd4 55. Re8+ Kh7 56. Re7 Rd1+ 57. Kh2 Rg6 58. Rxg6 Kxg6 59. Re6+ Kh5 60. Rxb6 Rd2 61. Kg2 Rxa2 62. Ra6 Ra3 63. Rb6 g5 64. c5 Ra2 65. Rb5 Rb2 66. Kg3 Rc2 67. Kg2 Rc3 68. Kh2 Kh4 69. Rxa5 Rxb3 70. Ra4+ Kh5 71. Rc4 Rb7 72. c6 Rc7 73. Kg3 Kg6 74. f4 gxf4+ 1/2-1/2

[Event "FRA-chT2O 0203"]
[Site "France"]
[Date "2002.11.17"]
[Round "3.2"]
[White "Paci, Cedric"]
[Black "Costa, Jean Luc"]
[Result "1/2-1/2"]
[WhiteElo "2178"]
[BlackElo "2359"]
[PlyCount "87"]
[EventDate "2002.10.??"]
[EventType "team"]
[EventRounds "11"]
[EventCountry "FRA"]
[SourceTitle "EXT 2004"]
[Source "ChessBase"]
[SourceDate "2003.11.25"]
[SourceVersion "1"]
[SourceVersionDate "2003.11.25"]
[SourceQuality "1"]
[WhiteTeam "Nancy II"]
[BlackTeam "Mulhouse Philidor II"]
[WhiteTeamCountry "FRA"]
[BlackTeamCountry "FRA"]

1. e4 e5 2. f4 exf4 3. Nf3 Nf6 4. e5 Nh5 5. d4 d6 6. Qe2 d5 7. c4 dxc4 8. Qe4 Be6 9. Nc3 c6 10. Be2 g6 11. Bxf4 Bd5 12. Qe3 Nxf4 13. Qxf4 h5 14. 0-0 Bh6 15. Qg3 0-0 16. Rad1 Na6 17. h4 Bxf3 18. Bxf3 Nb4 19. Bxh5 Bg7 20. Be2 Nd3 21. Qg4 f5 22. exf6 Rxf6 23. Bxd3 cxd3 24. Rxf6 Qxf6 25. Rxd3 Re8 26. Rd1 Qd6 27. Ne2 Kh7 28. h5 Bh6 29. hxg6+ Qxg6 30. Qxg6+ Kxg6 31. Kf2 Rf8+ 32. Kg3 Re8 33. Kf2 Rf8+ 34. Kg3 Re8 35. Nc3 Bg7 36. Kf3 Rf8+ 37. Ke2 Rd8 38. Ke3 Bh6+ 39. Kf3 Bg7 40. Ke3 Bh6+ 41. Kf3 Rf8+ 42. Ke2 Re8+ 43. Kf3 Rf8+ 44. Ke2 1/2-1/2

[Event "Mulhouse Masters"]
[Site "Mulhouse"]
[Date "2002.07.11"]
[Round "4"]
[White "Wirig, Anthony"]
[Black "Costa, Jean Luc"]
[Result "0-1"]
[WhiteElo "2319"]
[BlackElo "2359"]
[PlyCount "129"]
[EventDate "2002.07.??"]
[EventType "swiss"]
[EventRounds "9"]
[EventCountry "FRA"]
[EventCategory "4"]
[SourceTitle "EXT 2003"]
[Source "ChessBase"]
[SourceDate "2002.11.25"]
[SourceVersion "1"]
[SourceVersionDate "2002.11.25"]
[SourceQuality "1"]

1. c4 Nf6 2. g3 c6 3. b3 e5 4. Bb2 Bc5 5. Bg2 0-0 6. e3 Re8 7. Ne2 d5 8. cxd5 cxd5 9. d4 exd4 10. Bxd4 Bxd4 11. Nxd4 Bg4 12. Qc2 Qa5+ 13. Qd2 Qa6 14. h3 Bd7 15. Nc3 Nc6 16. Nxc6 Bxc6 17. Qd4 Ne4 18. Bxe4 dxe4 19. 0-0-0 Qa5 20. Kb2 Rad8 21. Qc4 Qf5 22. Qe2 Rd3 23. Rhe1 b5 24. a3 Qf6 25. Rxd3 exd3 26. Qd2 a5 27. Kb1 b4 28. axb4 axb4 29. Na2 Qe6 30. Nc1 Be4 31. Rf1 Qxh3 32. Rd1 Qc8 33. Na2 Qc2+ 34. Ka1 Qxb3 35. Rb1 Qc2 36. Qxc2 dxc2 37. Rxb4 f5 38. Kb2 Ra8 39. Nc1 h5 40. Ne2 Kh7 41. f4 Kh6 42. Rb3 Rd8 43. Nd4 Rc8 44. Kc1 h4 45. gxh4 Kh5 46. Rb5 Kg4 47. h5 Ra8 48. Nb3 Kxh5 49. Rc5 Kg4 50. Kd2 Rh8 51. Rc7 Rh2+ 52. Kc1 Rh1+ 53. Kb2 Rb1+ 54. Ka3 Bd5 55. Rxg7+ Kh5 56. Nc1 Rxc1 57. Kb2 Rb1+ 58. Kxc2 Be4+ 59. Kc3 Rd1 60. Rg5+ Kh4 61. Rg7 Rd3+ 62. Kc4 Rxe3 63. Kd4 Rg3 64. Rh7+ Kg4 65. Ke5 0-1

[Event "Mulhouse Masters"]
[Site "Mulhouse"]
[Date "2002.07.10"]
[Round "3"]
[White "Costa, Jean Luc"]
[Black "Libiszewski, Fabien"]
[Result "1/2-1/2"]
[WhiteElo "2359"]
[BlackElo "2316"]
[PlyCount "112"]
[EventDate "2002.07.??"]
[EventType "swiss"]
[EventRounds "9"]
[EventCountry "FRA"]
[EventCategory "4"]
[SourceTitle "EXT 2003"]
[Source "ChessBase"]
[SourceDate "2002.11.25"]
[SourceVersion "1"]
[SourceVersionDate "2002.11.25"]
[SourceQuality "1"]

1. c4 g6 2. Nc3 Bg7 3. d4 Nf6 4. Nf3 0-0 5. e4 d6 6. Be2 e5 7. dxe5 dxe5 8. Qxd8 Rxd8 9. Bg5 Re8 10. Nd5 Nxd5 11. cxd5 c6 12. Bc4 cxd5 13. Bxd5 Nd7 14. Nd2 Nb6 15. Bb3 Be6 16. Ke2 f6 17. Be3 Bf8 18. Rhc1 Bd6 19. a3 Kf7 20. Bxe6+ Kxe6 21. Bxb6 axb6 22. Rc3 b5 23. Rd1 Ra4 24. Rb3 b4 25. Nc4 Bc5 26. axb4 Rxb4 27. Rxb4 Bxb4 28. Rd5 Rc8 29. Kd3 Bc5 30. f3 Rc7 31. Na5 Bb6 32. Nc4 Bc5 33. Nd2 Rd7 34. Kc4 Bg1 35. Rxd7 Kxd7 36. h3 Kc6 37. Nb3 Bb6 38. Nc1 Bc5 39. Nd3 Bd6 40. g3 Be7 41. Nc1 Bc5 42. Nd3 Be7 43. Nf2 f5 44. Nd3 Bd6 45. g4 f4 46. Kc3 g5 47. Kc4 b5+ 48. Kc3 Kc7 49. Kb3 Kc6 50. Nc1 Bc7 51. Kc3 Ba5+ 52. b4 Bb6 53. Ne2 Bf2 54. Kd2 Be3+ 55. Kd3 Bb6 56. Nc3 Bd8 1/2-1/2

[Event "FRA-chT2"]
[Site "France"]
[Date "2001.12.??"]
[Round "4"]
[White "Calistri, Tristan"]
[Black "Costa, Jean Luc"]
[Result "1/2-1/2"]
[WhiteElo "2324"]
[BlackElo "2358"]
[PlyCount "92"]
[EventDate "2002.??.??"]
[EventType "team"]
[EventRounds "11"]
[EventCountry "FRA"]
[SourceTitle "EXT 2003"]
[Source "ChessBase"]
[SourceDate "2002.11.25"]
[SourceVersion "1"]
[SourceVersionDate "2002.11.25"]
[SourceQuality "1"]

1. e4 e5 2. Nf3 Nc6 3. Bb5 Nd4 4. Nxd4 exd4 5. 0-0 c6 6. Bc4 d5 7. exd5 cxd5 8. Re1+ Be7 9. Bb5+ Kf8 10. c3 Qb6 11. Qa4 g6 12. cxd4 Be6 13. b3 Nh6 14. Bd7 Nf5 15. Bxe6 fxe6 16. Ba3 Qxd4 17. Bxe7+ Kxe7 18. Qa3+ Kf7 19. Nc3 Rhc8 20. Ne2 Qxd2 21. Qa4 Rc6 22. g3 a5 23. Qg4 Qb4 24. Qh3 Kg8 25. Rad1 Rf8 26. g4 Ng7 27. Nd4 Rc3 28. Re3 Rfc8 29. Rxc3 Rxc3 30. Qh4 Rc8 31. Qf6 Rf8 32. Qe5 Qc3 33. Re1 Qh3 34. f3 Re8 35. Rc1 Qh6 36. g5 Qh4 37. Rc7 Nf5 38. Nxf5 Qxg5+ 39. Kf2 gxf5 40. Rxb7 Qd2+ 41. Kg3 Qg5+ 42. Kf2 Qh4+ 43. Ke2 Re7 44. Rb8+ Kf7 45. Rh8 Qh6 46. Ra8 d4 1/2-1/2

[Event "Oberliga Baden 0001"]
[Site "Baden"]
[Date "2001.02.18"]
[Round "6.2"]
[White "Hess, Markus"]
[Black "Costa, Jean Luc"]
[Result "0-1"]
[WhiteElo "2155"]
[BlackElo "2373"]
[PlyCount "84"]
[EventDate "2000.10.15"]
[EventType "team"]
[EventRounds "9"]
[EventCountry "GER"]
[SourceTitle "EXT 2002"]
[Source "ChessBase"]
[SourceDate "2001.11.25"]
[SourceVersion "1"]
[SourceVersionDate "2001.11.25"]
[SourceQuality "1"]

1. e4 e6 2. d3 g6 3. g3 b6 4. Bg2 Bb7 5. Nf3 Qf6 6. 0-0 Qg7 7. Re1 d6 8. d4 Be7 9. c4 g5 10. Nc3 g4 11. Nd2 Qxd4 12. Nb5 Qc5 13. b4 Qc6 14. Qxg4 Bf6 15. Rb1 a6 16. Na3 h5 17. Qe2 Qd7 18. Nf3 Nc6 19. Nc2 h4 20. Be3 hxg3 21. hxg3 Nge7 22. c5 b5 23. Red1 d5 24. Bg5 Bxg5 25. Nxg5 d4 26. Qf3 Ng6 27. Nxd4 Qe7 28. Nxc6 Bxc6 29. Qe3 Ne5 30. Nf3 Nc4 31. Qf4 e5 32. Qf5 Bd7 33. Qg5 Qxg5 34. Nxg5 f6 35. Nf3 a5 36. Bf1 Bg4 37. Bxc4 bxc4 38. Kg2 axb4 39. Rxb4 Ra3 40. Nd2 Bxd1 41. Rb8+ Kd7 42. Rxh8 c3 0-1

[Event "Besancon Masters"]
[Site "Besancon"]
[Date "2001.??.??"]
[Round "9"]
[White "Costa, Jean Luc"]
[Black "Roser, Kevin"]
[Result "1-0"]
[WhiteElo "2359"]
[BlackElo "2327"]
[PlyCount "65"]
[EventDate "2001.04.21"]
[EventType "tourn"]
[EventRounds "9"]
[EventCountry "FRA"]
[EventCategory "4"]
[SourceTitle "CBM 082 Extra"]
[Source "ChessBase"]
[SourceDate "2001.07.03"]
[SourceVersion "1"]
[SourceVersionDate "2001.07.03"]
[SourceQuality "1"]

1. d4 Nf6 2. c4 e6 3. Nf3 b6 4. e3 Bb7 5. Bd3 d5 6. b3 Be7 7. 0-0 Nbd7 8. Bb2 0-0 9. Nc3 c5 10. Qe2 Re8 11. Rfd1 a6 12. cxd5 exd5 13. Rac1 g6 14. Qf1 Bd6 15. Ne2 Qe7 16. Rc2 Ne4 17. dxc5 bxc5 18. Bxe4 Qxe4 19. Rcd2 Qe7 20. e4 Nb6 21. exd5 Bxd5 22. Ng3 Bxf3 23. gxf3 Bf4 24. Re2 Qg5 25. Rxe8+ Rxe8 26. Qxa6 Bc7 27. Qb5 Re6 28. Kh1 Qf4 29. Kg2 h5 30. Qxc5 h4 31. Rd4 h3+ 32. Kxh3 Qxf3 33. Qxc7 1-0

[Event "Verbandsliga Sued Baden 9899"]
[Site "Germany"]
[Date "1999.02.07"]
[Round "6.1"]
[White "Mathonia, Claude"]
[Black "Costa, Jean Luc"]
[Result "0-1"]
[WhiteElo "2210"]
[BlackElo "2395"]
[PlyCount "102"]
[EventDate "1998.10.??"]
[EventType "team"]
[EventRounds "9"]
[EventCountry "GER"]
[SourceTitle "EXT 2004"]
[Source "ChessBase"]
[SourceDate "2003.11.25"]
[SourceVersion "1"]
[SourceVersionDate "2003.11.25"]
[SourceQuality "1"]
[WhiteTeam "Zaehringen II"]
[BlackTeam "Waldkirch"]
[WhiteTeamCountry "GER"]
[BlackTeamCountry "GER"]

1. d4 Nf6 2. Nf3 e6 3. g3 b6 4. Bg2 Bb7 5. 0-0 c5 6. c3 Be7 7. Nbd2 0-0 8. Re1 cxd4 9. cxd4 d5 10. Ne5 Na6 11. Nb1 Ne4 12. f3 Nd6 13. Nc3 Nf5 14. e3 Nb4 15. a3 Nc6 16. Nxc6 Bxc6 17. Bh3 Qd7 18. Bd2 Nd6 19. b3 Qb7 20. Qb1 Rfd8 21. Ne2 Rac8 22. Ra2 Rc7 23. a4 a5 24. Rc1 Rdc8 25. Rac2 Bg5 26. Rc3 b5 27. Rc5 bxa4 28. bxa4 Nc4 29. R5xc4 Qxb1 30. Rxb1 dxc4 31. f4 Be7 32. Bxa5 Ra7 33. Bc3 Be4 34. Rb6 Rca8 35. a5 Bd8 36. Rb4 Bd3 37. Bg2 Bxe2 38. Bxa8 Rxa8 39. Kf2 Bd3 40. Kf3 f5 41. Rb5 Be4+ 42. Ke2 Kf7 43. Kd2 g6 44. Kc1 Ke8 45. Kb2 Kd7 46. Bb4 Bc6 47. Rc5 Be7 48. Rxc6 Kxc6 49. Bxe7 Rxa5 50. Bb4 Ra4 51. Kc3 Kd5 0-1

[Event "Verbandsliga Sued Baden 9899"]
[Site "Germany"]
[Date "1999.01.24"]
[Round "5.1"]
[White "Goldstern, Filip Daniel"]
[Black "Costa, Jean Luc"]
[Result "0-1"]
[WhiteElo "2355"]
[BlackElo "2395"]
[PlyCount "155"]
[EventDate "1998.10.??"]
[EventType "team"]
[EventRounds "9"]
[EventCountry "GER"]
[SourceTitle "EXT 2004"]
[Source "ChessBase"]
[SourceDate "2003.11.25"]
[SourceVersion "1"]
[SourceVersionDate "2003.11.25"]
[SourceQuality "1"]
[WhiteTeam "Gottmadingen"]
[BlackTeam "Waldkirch"]
[WhiteTeamCountry "GER"]
[BlackTeamCountry "GER"]

1. d4 Nf6 2. Nf3 d6 3. c4 g6 4. Nc3 Bg4 5. e3 Bg7 6. Be2 0-0 7. h3 Bd7 8. e4 c5 9. d5 Na6 10. Bg5 h6 11. Be3 Rb8 12. Qd2 Kh7 13. 0-0 b5 14. cxb5 Nc7 15. a4 a6 16. e5 Nfe8 17. bxa6 Qc8 18. a7 Ra8 19. Rfe1 Qb7 20. Bc4 Rxa7 21. Bf4 Qb4 22. b3 Na8 23. Nb5 Qxd2 24. Nxd2 Bxb5 25. Bxb5 Nb6 26. Bc6 Nc7 27. exd6 Ncxd5 28. dxe7 Nxe7 29. Rxe7 Rxe7 30. Rc1 Rc8 31. Bf3 Bb2 32. Rb1 Bd4 33. a5 Nd7 34. Bb7 Rce8 35. Nf3 Ne5 36. a6 Nxf3+ 37. gxf3 Re1+ 38. Rxe1 Rxe1+ 39. Kg2 Ra1 40. Bb8 c4 41. bxc4 Ra4 42. f4 f5 43. Be5 Ba7 44. h4 h5 45. Kg3 Rxc4 46. f3 Rc2 47. Bd5 Rc5 48. Bb7 Ra5 49. Bc7 Ra2 50. Be5 Ra3 51. Bc8 Rd3 52. Be6 Rd2 53. Kh3 Rd1 54. Kg3 Rg1+ 55. Kh2 Rc1 56. Bd5 Rc5 57. Bb7 Kg8 58. Kg3 Rc2 59. Bd5+ Kf8 60. Bd6+ Ke8 61. Be5 Kd7 62. Bb3 Rc1 63. Ba4+ Ke7 64. Bb5 Ke6 65. Be8 Rc8 66. Bb5 Kd5 67. Kh3 Kc5 68. Bd7 Rf8 69. Be6 Kb5 70. Bg7 Rd8 71. Be5 Kxa6 72. Bf7 Rd1 73. Kh2 Rg1 74. Bf6 Rc1 75. Be5 Rc6 76. Bd5 Rb6 77. Bc4+ Kb7 78. Bd5+ 0-1

[Event "SUI-chT"]
[Site "Switzerland"]
[Date "1999.??.??"]
[Round "9.5"]
[White "Costa, Jean Luc"]
[Black "Geiser, Laurent"]
[Result "1-0"]
[WhiteElo "2394"]
[BlackElo "2162"]
[PlyCount "71"]
[EventDate "1999.01.??"]
[EventType "team-tourn"]
[EventRounds "9"]
[EventCountry "SUI"]
[SourceTitle "EXT 2001"]
[Source "ChessBase"]
[SourceDate "2000.11.22"]
[SourceVersion "1"]
[SourceVersionDate "2000.11.22"]
[SourceQuality "1"]

1. e4 c5 2. Nf3 Nc6 3. Bb5 g6 4. 0-0 Bg7 5. Re1 Nf6 6. c3 0-0 7. h3 d5 8. e5 Ne8 9. Bxc6 bxc6 10. Qa4 Qb6 11. Qh4 f6 12. d4 cxd4 13. cxd4 fxe5 14. dxe5 Rb8 15. b3 Qb4 16. Qxb4 Rxb4 17. Ba3 Rb7 18. Nd4 Rc7 19. Nc3 Bh6 20. Rad1 Ng7 21. Bc1 Bxc1 22. Rxc1 Ne6 23. Nxe6 Bxe6 24. Na4 Rf4 25. Nc5 Kf7 26. f3 g5 27. Kf2 h5 28. g3 Rf5 29. g4 hxg4 30. hxg4 Rf4 31. Nd3 Rd4 32. Ke3 c5 33. Rc2 Bc8 34. Rec1 Rxd3+ 35. Kxd3 Ba6+ 36. Ke3 1-0